00578nam a22001932 4500001001100000005001700011008004100028020001700069040001500086100003200101245011500133250001300248260003900261300001200300650003800312650002800350852000300378852000300381000001165320151217152100.0081215s xx 000 0 eng d a0977165906 : aKABUcKABU1 aRussell, David.@000016761410aSuccess with people :ba complete system for effectively managing people in any organization /cDavid Russell. a1st ed. aNew York :bBarnabas Smyth,c2005. a220 p. 0aPersonnel management.@0000150761 0aManagement.@00000839201 1